000 00830nam a22002655i 4500
001 10911
003 ES-MaACL
005 20250806052058.0
007 t|
008 920924s1992 sp ||||0| spa j
020 _a84-7754-096-9
040 _aM-BN
_bspa
_cM-BN
080 _a616.97
100 1 _aGarcía Pérez, Antonio,
_d1923-2002
_9157907
245 1 0 _aEnfermedades de transmisión sexual /
_cAntonio García Pérez.
260 _aMadrid :
_bEudema,
_c1992.
300 _a176 p :
_bil ;
_c21 cm.
490 1 _aEUDEMA universidad. Textos de apoyo
500 _aIndice.
504 _aBibliografía: [156]-164.
650 7 _aEnfermedades de transmisión sexual
_2embne
_912260
830 0 _aEUDEMA universidad. Textos de apoyo
_9178862
852 _aES-MaACL
_jL-18287
_bR.121864
999 _c10911
_d10911